| 000 | 00620nam a2200229Ia 4500 | ||
|---|---|---|---|
| 003 | OSt | ||
| 005 | 20250728145521.0 | ||
| 008 | 210210b2000 xxu||||| |||| 00| 0 eng d | ||
| 020 | _a81 203 0596 5 | ||
| 040 | _cAL | ||
| 041 | _aEnglish | ||
| 082 | _a001.6424C KERP | ||
| 100 |
_aKERNIGHAN (Brian W) and RITCHIE (Dennis M). _9148380 |
||
| 245 | _aProgramming language C. | ||
| 250 | _a2 | ||
| 260 |
_aNew Delhi. _bPrentice-Hall of India Private Limited _c2000 |
||
| 300 | _axii,272 | ||
| 650 |
_aC Programming, C Language _9148381 |
||
| 690 |
_aComputer Science _9148382 |
||
| 906 | _a056594 | ||
| 942 |
_2ddc _cBK |
||
| 999 |
_c103820 _d103820 |
||